[Event "FB1 2122 SK Lehrte - Rodewischer Schach"]
[Site "?"]
[Date "2022.05.29"]
[Round "11.3"]
[White "Movsesian, Julia"]
[Black "Duessler, Stefanie"]
[Result "1-0"]
[WhiteElo "2313"]
[BlackElo "2110"]
[PlyCount "39"]
[EventDate "2022.??.??"]

1. e4 c5 2. Nc3 Nc6 3. Bb5 Nd4 4. Nf3 Nxb5 5. Nxb5 d6 6. d4 Bd7 7. Nc3 cxd4 8.
Qxd4 Nf6 9. O-O e5 10. Qd3 Be7 11. Bg5 Bc6 12. Rad1 Nh5 13. Bxe7 Kxe7 14. Nxe5
Qc7 15. Qc4 Kf8 16. Nb5 Qe7 17. Nxd6 Nf4 18. Nxc6 bxc6 19. Nf5 Qe5 20. Rd7 1-0

[Event "FB1 2122 SK Lehrte - Rodewischer Schach"]
[Site "?"]
[Date "2022.05.29"]
[Round "11.4"]
[White "Manusina, Nicole"]
[Black "Theissl Pokorna, Regina"]
[Result "0-1"]
[WhiteElo "2003"]
[BlackElo "2302"]
[PlyCount "80"]
[EventDate "2022.??.??"]

1. d4 d5 2. c4 e6 3. Nc3 c5 4. cxd5 exd5 5. Nf3 Nc6 6. e3 Nf6 7. Be2 a6 8. dxc5
Bxc5 9. a3 O-O 10. O-O Bd6 11. h3 Bc7 12. Bd3 Qd6 13. Ne2 Be6 14. Bc2 Rad8 15.
Rb1 Ne4 16. Bxe4 dxe4 17. Qxd6 Bxd6 18. Nd2 f5 19. b4 Be5 20. b5 axb5 21. Rxb5
Rd7 22. Rc5 Rfd8 23. Rc2 Rd3 24. Nc4 Bb8 25. g3 R8d5 26. Nd2 Rd8 27. Nb1 Ne5
28. Kg2 Nf3 29. Nbc3 Be5 30. Nb5 Bb3 31. Rc5 b6 32. Rc6 Ba4 33. Rxb6 Rb3 34.
Nbc3 Rxb6 35. Nxa4 Rc6 36. Nf4 Ra8 37. Nb2 Rc2 38. Nbd3 exd3 39. Nxd3 Rc3 40.
Rd1 Rxd3 0-1

[Event "FB1 2122 SK Lehrte - Rodewischer Schach"]
[Site "?"]
[Date "2022.05.29"]
[Round "11.5"]
[White "Miturova, Magdalena"]
[Black "Zschischang, Marine"]
[Result "1-0"]
[WhiteElo "2217"]
[BlackElo "2076"]
[PlyCount "105"]
[EventDate "2022.??.??"]

1. e4 e6 2. d4 d5 3. Nc3 dxe4 4. Nxe4 Nd7 5. Nf3 Ngf6 6. Bg5 Be7 7. Nxf6+ Bxf6
8. h4 c5 9. dxc5 Qa5+ 10. c3 Qxc5 11. Bd3 Ne5 12. Be4 Nxf3+ 13. Qxf3 Bxg5 14.
hxg5 Qxg5 15. Rh5 Qe7 16. O-O-O f5 17. Bc6+ Kf7 18. Ba4 g6 19. Rh3 h5 20. Qf4
e5 21. Bb3+ Kg7 22. Re3 e4 23. f3 g5 24. Qh2 Qc5 25. Re2 h4 26. Rd5 Qe7 27.
fxe4 f4 28. Qg1 Bg4 29. Qd4+ Kh6 30. Rd6+ Kh5 31. Rd2 Rh6 32. Rd5 Re8 33. e5 b6
34. Qe4 Qh7 35. Qa4 Re7 36. Bc2 Qf7 37. Bd1 Qf5 38. e6 Qxe6 39. Qxf4 Rg6 40.
R2d4 Qe3+ 41. Qxe3 Rxe3 42. Bxg4+ Kh6 43. Rd6 Rg3 44. Rxg6+ Kxg6 45. Bh3 Kf6
46. Kd2 a5 47. Rg4 Rxg4 48. Bxg4 Ke5 49. Ke3 Kd5 50. b3 b5 51. Bd7 b4 52. c4+
Ke5 53. Bg4 1-0

[Event "FB1 2122 SK Lehrte - Rodewischer Schach"]
[Site "?"]
[Date "2022.05.29"]
[Round "11.6"]
[White "Krasnodebska, Magdalena"]
[Black "Kubikova, Alena"]
[Result "1-0"]
[WhiteElo "2092"]
[BlackElo "2093"]
[PlyCount "133"]
[EventDate "2022.??.??"]

1. e4 g6 2. d4 Bg7 3. Nf3 d6 4. Bc4 c6 5. c3 Nf6 6. e5 dxe5 7. Nxe5 Nd5 8. O-O
O-O 9. Nd2 e6 10. Ndf3 Nd7 11. Re1 N7f6 12. Qc2 Qc7 13. b3 Ne7 14. Ba3 Nfd5 15.
Bd3 b5 16. c4 b4 17. Bc1 Nb6 18. Bf4 Qd8 19. Be4 Bb7 20. Qd2 f6 21. Ng4 f5 22.
Nh6+ Bxh6 23. Bxh6 fxe4 24. Bxf8 exf3 25. Bh6 Nf5 26. Rxe6 Qxd4 27. Qxd4 Nxd4
28. Re7 Nf5 29. Rxb7 Nxh6 30. gxf3 Nf5 31. Re1 Rd8 32. Rxa7 Nd4 33. Kg2 Nc8 34.
Rc7 h5 35. Re4 Nf5 36. Rxc6 Nce7 37. Rc7 Kf7 38. c5 Kf6 39. Rxb4 Nd5 40. Rc6+
Kg5 41. Re4 Nh4+ 42. Kf1 Nf4 43. Rd6 Ra8 44. Rdd4 Nhg2 45. a4 Kf5 46. c6 Rc8
47. Rc4 Rd8 48. Rc1 g5 49. c7 Rc8 50. Rd4 Ne6 51. Rd8 Nxd8 52. cxd8=Q Rxd8 53.
Kxg2 Rb8 54. Rc5+ Kf4 55. Rc4+ Ke5 56. b4 Kd5 57. Rc5+ Kd6 58. Rb5 Rg8 59. a5
Kc6 60. Rc5+ Kb7 61. b5 Rg7 62. Re5 Ka7 63. Kf1 g4 64. Rxh5 gxf3 65. Rf5 Rb7
66. h4 Rd7 67. Rxf3 1-0